Arrondisements of Paris - Statistics

General Stats
  • This quiz has been taken 312 times
  • The average score is 8 of 20
Answer Stats
Number Name % Correct
1st Louvre
78%
18th Butte-Montmartre
72%
2nd Bourse
48%
9th Opéra
48%
6th Luxembourg
43%
4th Hôtel-de-Ville
42%
16th Passy
42%
19th Buttes-Chaumont
41%
5th Panthéon
41%
8th Élysée
40%
3rd Temple
39%
13th Gobelins
30%
20th Ménilmontant
29%
17th Batignolles-Monceau
27%
12th Reuilly
27%
15th Vaugirard
27%
10th Entrepôt
26%
7th Palais-Bourbon
25%
11th Popincourt
24%
14th Observatoire
22%
No matching quizzes found
Score Distribution
Percent of People with Each Score
Percentile by Number Answered
Your Score History
You have not taken this quiz